[Event "European Blitz 2022"]
[Site "Katowice POL"]
[Date "2022.12.16"]
[Round "12.55"]
[White "Haydon, David L"]
[Black "Sidletskyi, Ivan"]
[Result "1-0"]
[WhiteTitle "FM"]
[WhiteElo "2289"]
[BlackElo "2152"]
[WhiteFideId "415405"]
[BlackFideId "14156024"]
[EventDate "2022.12.16"]

1. Nf3 c5 2. e3 Nc6 3. b3 d5 4. Bb2 a6 5. d4 Nf6 6. dxc5 Qa5+ 7. Nbd2 Qxc5 8. c4
dxc4 9. Bxc4 b5 10. Be2 Bf5 11. Rc1 Qb6 12. Nd4 Nxd4 13. Bxd4 Qd6 14. Bf3 Rd8
15. Rc6 Qa3 16. Qc1 Qxc1+ 17. Rxc1 Bd7 18. Bb6 Rc8 19. Rxc8+ Bxc8 20. Ke2 e5 21.
Rc1 Bd7 22. Bb7 Ba3 23. Rc7 Bd6 24. Rc2 Ke7 25. Ba5 Rb8 26. Bf3 b4 27. Nc4 Bb5
28. Ke1 Rc8 29. Bd1 Bxc4 30. Rxc4 Rxc4 31. bxc4 Kd7 32. Ba4+ Kc8 33. Bc6 Nd7 34.
Kd1 f5 35. Kc2 e4 36. Bxd7+ Kxd7 37. h3 f4 38. exf4 Bxf4 39. Bxb4 Kc6 40. Bd2
Be5 41. Be3 g6 42. Kb3 Bd6 43. Ka4 Bc7 44. Kb4 Bd8 45. Kc3 Bf6+ 46. Bd4 Bd8 47.
Kd2 Bg5+ 48. Ke2 Bc1 49. f3 exf3+ 50. Kxf3 Bg5 51. Ke4 Kd6 52. Bf2 Bf6 53. Kd3
Kc6 54. Bd4 Be7 55. Ke4 Kd6 56. Kf4 Kc6 57. Ke5 Bd8 58. Ke6 Bh4 59. Kf7 g5 60.
Kg7 h5 61. Kg6 g4 62. Kxh5 gxh3 63. gxh3 Be7 64. Kg4 Kd6 65. h4 Ke6 66. h5 Kf7
67. Kf5 Kg8 68. Kg6 a5 69. h6 1-0

[Event "European Blitz 2022"]
[Site "Katowice POL"]
[Date "2022.12.16"]
[Round "12.56"]
[White "Ondozi, Murtez"]
[Black "Ugorek, Kacper"]
[Result "1/2-1/2"]
[WhiteTitle "FM"]
[WhiteElo "2406"]
[BlackElo "1682"]
[WhiteFideId "937576"]
[BlackFideId "21890676"]
[EventDate "2022.12.16"]

1. d4 Nf6 2. c4 g6 3. Nf3 Bg7 4. Nc3 O-O 5. e4 d6 6. Be2 e5 7. dxe5 dxe5 8. Bg5
Qxd1+ 9. Rxd1 h6 10. Bh4 Re8 11. O-O c6 12. h3 Na6 13. Bd3 Nc5 14. Bc2 a5 15.
Rd2 g5 16. Bg3 Nh5 17. Bh2 Be6 18. b3 Nf4 19. Rfd1 f6 20. Ne1 Bf8 21. Ne2 Nxe2+
22. Rxe2 Red8 23. Red2 Be7 24. g4 Kf7 25. Kf1 Ke8 26. f3 Rd7 27. Bg1 Rad8 28.
Rxd7 Rxd7 29. Rxd7 Bxd7 30. Ng2 Ne6 31. h4 Bc5 32. hxg5 hxg5 33. Ne3 Nd4 34. Bd1
Be6 35. Nf5 Kd7 36. Bf2 b6 37. Ke1 Bb4+ 38. Kf1 Bc3 39. Nxd4 Bxd4 40. Be1 Kd6
41. Ke2 Bd7 42. Bc2 Bc5 43. Kd3 Bd4 44. a3 c5 45. b4 axb4 46. axb4 Kc7 47. Bb3
Bc6 48. Kc2 cxb4 49. Bxb4 Bc5 50. Bd2 b5 51. Kd3 Kb6 52. cxb5 Bxb5+ 53. Bc4 Bc6
54. Bc3 Bd7 55. Kc2 Ba4+ 56. Kd2 Bd4 57. Bb4 Bc5 58. Bc3 Bd4 59. Bb4 Bc5 60. Bc3
Bd4 1/2-1/2

[Event "European Blitz 2022"]
[Site "Katowice POL"]
[Date "2022.12.16"]
[Round "12.57"]
[White "Aymerich Verdaguer, Eduard"]
[Black "Dobrovoljc, Vid"]
[Result "0-1"]
[WhiteTitle "CM"]
[BlackTitle "FM"]
[WhiteElo "2208"]
[BlackElo "2384"]
[WhiteFideId "32049293"]
[BlackFideId "14609843"]
[EventDate "2022.12.16"]

1. d4 e6 2. Nf3 Nf6 3. Bf4 h6 4. e3 Nh5 5. Bg3 c5 6. c3 Nc6 7. Nbd2 Nxg3 8. hxg3
d5 9. Bd3 Bd7 10. O-O Be7 11. Qe2 O-O 12. Rad1 Re8 13. e4 cxd4 14. cxd4 Nb4 15.
Bb1 Qb6 16. Rfe1 Bb5 17. Qe3 Rac8 18. Rc1 Rxc1 19. Rxc1 Nc6 20. e5 Rc8 21. Nb3
Bc4 22. g4 Qd8 23. Nbd2 Bb5 24. Qb3 a6 25. Qc2 g6 26. Qd1 Na7 27. Rxc8 Qxc8 28.
a4 Be8 29. Bd3 Nc6 30. Qc2 Qd8 31. Qb3 Na5 32. Qc3 Nc6 33. Nf1 Qb6 34. N1d2 Qa5
35. Bc2 Qxc3 36. bxc3 Na5 37. Kf1 Ba3 38. Ke2 Bb2 39. Kd3 b5 40. axb5 Bxb5+ 41.
Ke3 Bxc3 42. Bd3 Nc4+ 43. Bxc4 dxc4 44. Ne4 Bb2 45. Ne1 c3 46. Nc2 Bf1 47. g3 a5
48. Nc5 Bb5 49. f4 a4 50. Nd3 a3 51. Ndb4 Bc4 0-1

[Event "European Blitz 2022"]
[Site "Katowice POL"]
[Date "2022.12.16"]
[Round "12.58"]
[White "Ulasevich, Sergei"]
[Black "Mis, Mieszko"]
[Result "1-0"]
[WhiteTitle "CM"]
[BlackTitle "FM"]
[WhiteElo "2236"]
[BlackElo "2389"]
[WhiteFideId "13505629"]
[BlackFideId "1196448"]
[EventDate "2022.12.16"]

1. e4 c6 2. d4 d5 3. exd5 cxd5 4. Bd3 Nc6 5. c3 g6 6. Bf4 Bh6 7. Bg3 Bf5 8. Nf3
Qb6 9. O-O Qxb2 10. Bxf5 gxf5 11. c4 Nf6 12. Nbd2 O-O 13. Rb1 Qxa2 14. c5 Ne4
15. Nxe4 dxe4 16. Nh4 e6 17. d5 Qxd5 18. Qxd5 exd5 19. Nxf5 Bg5 20. h4 Bf6 21.
Rxb7 a5 22. h5 a4 23. Nh6+ Kg7 24. Nf5+ Kh8 25. Bd6 a3 26. Bxf8 Rxf8 27. Rb6 Rc8
28. Ra6 Bb2 29. Nd6 Rc7 30. Nb5 Rc8 31. Nxa3 Nb4 32. Ra7 Nd3 33. Nb5 Rxc5 34.
Nd6 Kg7 35. Rxf7+ Kg8 36. Rb7 Be5 37. Nf5 Rc2 38. Ne7+ Kf8 39. Nxd5 Bd4 40. Ne3
Re2 41. Ng4 Ke8 42. Rxh7 Nf4 43. Rb7 Nxh5 44. Rb4 Bc5 45. Rc4 Bb6 46. Rb1 Ba7
47. Rb7 Re1+ 48. Kh2 Ra1 49. Rc8# 1-0

[Event "European Blitz 2022"]
[Site "Katowice POL"]
[Date "2022.12.16"]
[Round "12.59"]
[White "Nazarova, Anastasia"]
[Black "Drazic, Sinisa"]
[Result "0-1"]
[WhiteTitle "WFM"]
[BlackTitle "GM"]
[WhiteElo "2196"]
[BlackElo "2372"]
[WhiteFideId "34101737"]
[BlackFideId "901172"]
[EventDate "2022.12.16"]

1. e4 e6 2. d4 d5 3. Nd2 h6 4. Bd3 Nc6 5. Ngf3 Nb4 6. Bb5+ c6 7. Be2 c5 8. c3
Nc6 9. exd5 Qxd5 10. Bc4 Qd8 11. Nb3 cxd4 12. Nbxd4 Nxd4 13. Nxd4 Nf6 14. O-O a6
15. Bb3 Bc5 16. Re1 Bxd4 17. cxd4 O-O 18. Bf4 Bd7 19. Be5 Bc6 20. Re3 Nd5 21.
Rg3 f6 22. Qg4 Rf7 23. Bf4 f5 24. Qf3 Qh4 25. Be5 Rd8 26. Qe2 Kh7 27. Re1 Rdd7
28. Bc2 Nf6 29. Rh3 Qg4 30. Qxg4 Nxg4 31. Rg3 Nxe5 32. dxe5 Rd2 33. Bb3 Bd5 34.
Bxd5 Rxd5 35. Rb3 b5 36. Kf1 Rc7 37. Ra3 Rc6 38. Rae3 g5 39. g3 g4 40. R3e2 Kg6
41. Kg2 h5 42. h3 Rc4 43. hxg4 fxg4 44. Re3 Rc2 45. R1e2 Rxe2 46. Rxe2 Kf5 47.
Re3 a5 48. Rc3 Kxe5 49. Rc8 Kd4 50. Ra8 a4 51. b3 axb3 52. axb3 Kc3 53. Re8 Re5
54. Kf1 Kxb3 55. Kg2 b4 56. f4 gxf3+ 57. Kxf3 Kc4 58. Kf4 Rf5+ 59. Ke4 Rg5 60.
Rxe6 Rxg3 61. Rc6+ Kb3 62. Kd4 h4 63. Rh6 h3 64. Rh8 Kb2 65. Kc4 b3 66. Kd4 Kc2
67. Rc8+ Kd2 68. Rb8 Rg4+ 69. Ke5 Rh4 0-1

[Event "European Blitz 2022"]
[Site "Katowice POL"]
[Date "2022.12.16"]
[Round "12.60"]
[White "Galuszka, Tomasz"]
[Black "Orzech, Dominik"]
[Result "0-1"]
[BlackTitle "IM"]
[WhiteElo "2184"]
[BlackElo "2313"]
[WhiteFideId "21816409"]
[BlackFideId "1115065"]
[EventDate "2022.12.16"]

1. e4 e6 2. d4 d5 3. Nd2 Nf6 4. e5 Nfd7 5. f4 c5 6. c3 Nc6 7. Ndf3 Be7 8. Bd3
Qb6 9. Ne2 f6 10. g3 O-O 11. Kf2 cxd4 12. cxd4 fxe5 13. Kg2 e4 0-1

[Event "European Blitz 2022"]
[Site "Katowice POL"]
[Date "2022.12.16"]
[Round "12.61"]
[White "Hulka, Valentyn"]
[Black "Jablonicky, Martin"]
[Result "0-1"]
[WhiteTitle "CM"]
[BlackTitle "FM"]
[WhiteElo "2222"]
[BlackElo "2388"]
[WhiteFideId "34107061"]
[BlackFideId "14925621"]
[EventDate "2022.12.16"]

1. e4 Nf6 2. e5 Ne4 3. d3 Nc5 4. d4 Ne6 5. Nf3 d5 6. Bd3 c6 7. c3 g6 8. O-O Ng7
9. Re1 Bf5 10. Bf1 Bg4 11. Nbd2 e6 12. h3 Bxf3 13. Nxf3 Nd7 14. a4 Be7 15. a5 h5
16. b4 Nf5 17. Bd3 h4 18. b5 c5 19. c4 dxc4 20. Bxc4 cxd4 21. Nxd4 Nxe5 22. Rxe5
Qxd4 23. Qxd4 Nxd4 24. Bb2 Rd8 25. Kf1 Bf6 26. Re4 O-O 27. Rd1 e5 28. Bxd4 exd4
29. Ke2 Rfe8 30. Rxe8+ Rxe8+ 31. Kd3 Kg7 32. Rc1 Bd8 33. Bd5 Bxa5 34. Bxb7 Bb6
35. Rc8 Re1 36. Rc2 Ra1 37. Bd5 Ra3+ 38. Kc4 f5 39. Rc1 Kf6 40. Rc2 Kg5 41. Kb4
Ra1 42. Kc4 Kf4 43. Bf7 g5 44. Bd5 g4 45. Bc6 Re1 46. Bd5 Ke5 47. Bc6 Kd6 48.
Kd3 Rd1+ 49. Rd2 Ra1 50. hxg4 fxg4 51. Ke4 h3 52. gxh3 gxh3 53. f4 Re1+ 54. Kf3
Re3+ 55. Kf2 h2 56. Rd1 Rh3 57. Kg2 Rh4 58. Kg3 Rh6 59. Rh1 d3 60. Rxh2 Rxh2 61.
Kxh2 d2 62. Bf3 Kc5 63. Be2 Kd4 64. f5 Ke3 65. Bd1 Kf2 66. f6 Ke1 67. f7 Bc5 68.
Ba4 d1=Q 69. Bxd1 Kxd1 70. Kg3 Kc2 71. Kf4 Kb3 72. Ke5 Kc4 73. b6 axb6 0-1

[Event "European Blitz 2022"]
[Site "Katowice POL"]
[Date "2022.12.16"]
[Round "12.62"]
[White "Walter, Szymon"]
[Black "Pla Almenar, Nel"]
[Result "1-0"]
[WhiteTitle "FM"]
[WhiteElo "2327"]
[BlackElo "2038"]
[WhiteFideId "1172590"]
[BlackFideId "22273115"]
[EventDate "2022.12.16"]

1. e4 c5 2. Nc3 a6 3. f4 b5 4. Nf3 e6 5. g3 Bb7 6. d3 b4 7. Ne2 d5 8. e5 Be7 9.
Bg2 h5 10. O-O Nh6 11. h3 Nc6 12. d4 a5 13. Be3 cxd4 14. Nexd4 Qc7 15. Nxc6 Qxc6
16. Nd4 Qd7 17. g4 hxg4 18. hxg4 Ba6 19. Rf2 Rc8 20. f5 exf5 21. gxf5 Bh4 22.
Qf3 Bxf2+ 23. Bxf2 O-O 24. Be3 f6 25. e6 Qe7 26. Qg3 g5 27. fxg6 Qg7 28. e7 Rfe8
29. Qh4 Qxg6 30. Bxh6 Rxe7 31. Bf4 Rg7 32. Qf2 Re8 33. a3 Bc8 34. Kf1 Qh5 35.
Re1 Rxe1+ 36. Kxe1 Bh3 37. Bf3 Qg6 38. axb4 axb4 39. Kd2 Rc7 40. Bxc7 Qg5+ 41.
Qe3 1-0

[Event "European Blitz 2022"]
[Site "Katowice POL"]
[Date "2022.12.16"]
[Round "12.65"]
[White "Grzesik, Gracjan"]
[Black "Brilej, Jaka"]
[Result "0-1"]
[BlackTitle "FM"]
[WhiteElo "2148"]
[BlackElo "2336"]
[WhiteFideId "1194593"]
[BlackFideId "14618818"]
[EventDate "2022.12.16"]

1. c4 c6 2. Nc3 d5 3. d4 Nf6 4. cxd5 cxd5 5. Bf4 Nc6 6. e3 a6 7. Bd3 Bg4 8. Nge2
e6 9. O-O Bd6 10. f3 Bh5 11. Rc1 O-O 12. Na4 Bg6 13. Nc5 Bxc5 14. Rxc5 Nd7 15.
Rc1 e5 16. dxe5 Ndxe5 17. Bxe5 Nxe5 18. Bxg6 hxg6 19. Qd4 Nc6 20. Qc5 Re8 21.
Rfd1 Qf6 22. Rc3 Ne7 23. Qd4 Qd6 24. e4 Rad8 25. Rcd3 Qc7 26. Kh1 Nc6 27. Qc5
dxe4 28. Rxd8 Rxd8 29. Rxd8+ Qxd8 30. fxe4 Qd1+ 31. Ng1 Qd2 32. Qb6 Qd7 33. h3
Ne5 34. Nf3 Nxf3 35. gxf3 Qxh3+ 36. Kg1 Qg3+ 37. Kh1 Qxf3+ 38. Kg1 Qxe4 39. Qd8+
Kh7 40. Qd7 f5 41. Qc7 g5 42. Qh2+ Qh4 43. Qc7 Qg4+ 44. Kf1 Qf4+ 45. Qxf4 gxf4 0-1

[Event "European Blitz 2022"]
[Site "Katowice POL"]
[Date "2022.12.16"]
[Round "12.66"]
[White "Jedrusik, Adam"]
[Black "Grabarczyk, Miroslaw"]
[Result "1/2-1/2"]
[BlackTitle "GM"]
[WhiteElo "1951"]
[BlackElo "2337"]
[WhiteFideId "21802122"]
[BlackFideId "1101684"]
[EventDate "2022.12.16"]

1. d4 d5 2. Bf4 Nf6 3. e3 e6 4. Nf3 Bd6 5. Ne5 Nc6 6. Nd2 Nd7 7. Nxc6 bxc6 8.
Bxd6 cxd6 9. c4 O-O 10. Bd3 dxc4 11. Nxc4 d5 12. Nd2 c5 13. O-O cxd4 14. exd4
Qb6 15. Nb3 Ba6 16. Bxa6 Qxa6 17. Qc2 Rfc8 18. Nc5 Qb5 19. Rfc1 a5 20. Rab1 h6
21. b3 Qb4 22. h3 Qxd4 23. Nxd7 Rxc2 24. Rxc2 Qe4 25. Rbc1 d4 26. Rc8+ Rxc8 27.
Rxc8+ Kh7 28. Nf8+ Kg8 29. Nxe6+ Kh7 30. Nf8+ Kg8 31. Ne6+ Kh7 1/2-1/2

[Event "European Blitz 2022"]
[Site "Katowice POL"]
[Date "2022.12.16"]
[Round "12.67"]
[White "Martinez Pla, Xavier"]
[Black "Adamczyk, Zuzanna"]
[Result "1-0"]
[WhiteTitle "FM"]
[BlackTitle "WCM"]
[WhiteElo "2277"]
[BlackElo "1951"]
[WhiteFideId "32074271"]
[BlackFideId "1187570"]
[EventDate "2022.12.16"]

1. e4 c5 2. Nf3 g6 3. d4 cxd4 4. Nxd4 Bg7 5. c4 Nc6 6. Be3 Qb6 7. Nb3 Qd8 8. Nc3
Bxc3+ 9. bxc3 Nf6 10. f3 d6 11. Be2 O-O 12. O-O Qc7 13. c5 dxc5 14. Bxc5 b6 15.
Be3 Bb7 16. Qe1 Rfd8 17. Qh4 Ne5 18. Bd4 Rac8 19. Kh1 a6 20. f4 Ned7 21. e5 Ne4
22. Bf3 f5 23. Qxe7 Ndc5 24. Qh4 Nxb3 25. axb3 a5 26. e6 Re8 27. Bxe4 Rxe6 28.
Bxb7 1-0

[Event "European Blitz 2022"]
[Site "Katowice POL"]
[Date "2022.12.16"]
[Round "12.68"]
[White "Piotrowski, Daniel"]
[Black "Pein, Jonathan"]
[Result "1-0"]
[BlackTitle "CM"]
[WhiteElo "1763"]
[BlackElo "2252"]
[WhiteFideId "21815780"]
[BlackFideId "417092"]
[EventDate "2022.12.16"]

1. e4 c5 2. g3 Nc6 3. Bg2 e5 4. Ne2 Nge7 5. O-O g6 6. a3 Bg7 7. b4 cxb4 8. axb4
Nxb4 9. Ba3 Nbc6 10. Nbc3 O-O 11. Bd6 Re8 12. Nb5 Qb6 13. Nc7 Nd4 14. Nxe8 Kf8
15. Nc7 Qxd6 16. Nxa8 Qb8 17. Nxd4 exd4 18. Qb1 Qxa8 19. Qb6 Qb8 20. Qd8# 1-0

[Event "European Blitz 2022"]
[Site "Katowice POL"]
[Date "2022.12.16"]
[Round "12.69"]
[White "Dragnev, Valentin"]
[Black "Starosta, Martyna"]
[Result "0-1"]
[WhiteTitle "GM"]
[BlackTitle "WCM"]
[WhiteElo "2556"]
[BlackElo "1991"]
[WhiteFideId "1634852"]
[BlackFideId "21818754"]
[EventDate "2022.12.16"]

1. e4 c6 2. d4 d5 3. Nc3 dxe4 4. Nxe4 Nd7 5. Ng5 h6 6. Ne6 Qb6 7. Nxf8 Nxf8 8.
Nf3 Bf5 9. Bd3 Bxd3 10. Qxd3 Nf6 11. O-O Rd8 12. c3 Ng6 13. Qf5 e6 14. Re1 O-O
15. Qh3 Rfe8 16. Ne5 Nxe5 17. Rxe5 Rd5 18. Qg3 Kh7 19. b3 Rxe5 20. Qxe5 Rd8 21.
Bf4 Rd5 22. Qe3 Rf5 23. Be5 Nd7 24. Qe4 Nxe5 25. Rf1 Ng6 26. g4 Rf4 27. Qd3
Rxg4+ 28. Kh1 Qb5 29. c4 Qf5 30. Qxf5 exf5 31. Rd1 Nf8 32. d5 cxd5 33. Rxd5 Kg6
34. Rd8 0-1

[Event "European Blitz 2022"]
[Site "Katowice POL"]
[Date "2022.12.16"]
[Round "12.70"]
[White "Lucchi, Lorenzo"]
[Black "Peyrer, Konstantin"]
[Result "1/2-1/2"]
[BlackTitle "FM"]
[WhiteElo "2084"]
[BlackElo "2380"]
[WhiteFideId "821160"]
[BlackFideId "1640879"]
[EventDate "2022.12.16"]

1. Nf3 d5 2. e3 a6 3. c4 dxc4 4. Bxc4 e6 5. O-O b5 6. Bb3 Bb7 7. a4 Nf6 8. axb5
axb5 9. Rxa8 Bxa8 10. Nc3 c6 11. d4 Be7 12. e4 b4 13. e5 bxc3 14. exf6 Bxf6 15.
bxc3 O-O 16. Ne5 Nd7 17. f4 c5 18. Ba3 Be7 19. dxc5 Bxc5+ 20. Bxc5 Nxc5 21. Qxd8
Rxd8 22. Bc4 Kf8 23. f5 Rd2 24. Rf2 Rxf2 25. Kxf2 exf5 26. Nxf7 Ne4+ 27. Kg1
Nxc3 28. Ng5 Ke7 29. Nxh7 Ne4 30. Bd3 Ke6 31. Bxe4 Bxe4 32. Kf2 Ke5 33. Ng5 f4
34. g3 Kf5 35. Nxe4 Kxe4 36. gxf4 1/2-1/2

[Event "European Blitz 2022"]
[Site "Katowice POL"]
[Date "2022.12.16"]
[Round "12.71"]
[White "Paehtz, Elisabeth"]
[Black "Strejczek, Dariusz"]
[Result "1-0"]
[WhiteTitle "GM"]
[WhiteElo "2464"]
[BlackElo "2149"]
[WhiteFideId "4641833"]
[BlackFideId "1122142"]
[EventDate "2022.12.16"]

1. d4 Nf6 2. Nf3 g6 3. Bg5 Bg7 4. Nbd2 d5 5. c3 Bf5 6. e3 c6 7. Be2 O-O 8. O-O
h6 9. Bf4 Nh5 10. Be5 Nf6 11. Qb3 Qb6 12. Qa3 Re8 13. c4 Ne4 14. Bxg7 Kxg7 15.
Nxe4 Bxe4 16. Nd2 Nd7 17. Qc3 f6 18. Bg4 Bf5 19. Bxf5 gxf5 20. Nf3 e6 21. g3 Nf8
22. Rac1 Re7 23. b3 Ng6 24. cxd5 cxd5 25. Qc5 Qa6 26. Rc2 Rd7 27. Rfc1 Qd3 28.
Qb4 b6 29. Rc7 Rd8 30. Qd6 Nf8 31. Rxa7 Rxa7 32. Qxd8 Qe4 33. Nh4 f4 34. Rc7+
Rxc7 35. Qxc7+ Kg8 36. Qxf4 Qb1+ 37. Kg2 Qxa2 38. Qxf6 Qxb3 39. Qxh6 Qc2 40. Nf3
Qe4 41. Qf4 Qg6 42. Ne5 Qh5 43. Qf6 Qh7 44. Ng4 Qe4+ 45. Qf3 b5 1-0

[Event "European Blitz 2022"]
[Site "Katowice POL"]
[Date "2022.12.16"]
[Round "12.72"]
[White "Marczuk, Dominik"]
[Black "Gretarsson, Helgi Ass"]
[Result "1-0"]
[WhiteTitle "FM"]
[BlackTitle "GM"]
[WhiteElo "2253"]
[BlackElo "2451"]
[WhiteFideId "1111264"]
[BlackFideId "2300699"]
[EventDate "2022.12.16"]

1. c4 g6 2. g3 Bg7 3. Bg2 c5 4. Nc3 Nc6 5. d3 e6 6. e3 Nge7 7. Nge2 O-O 8. O-O
Nf5 9. a3 d6 10. Rb1 a5 11. b3 Bd7 12. Bb2 Rb8 13. Nb5 Bxb2 14. Rxb2 Nce7 15. a4
Bxb5 16. axb5 d5 17. e4 Nd6 18. Nf4 dxe4 19. dxe4 Qc7 20. Rd2 Rfd8 21. Qe2 Ne8
22. Rfd1 Rxd2 23. Qxd2 Nf6 24. h3 b6 25. Ne2 Rc8 26. Nc3 e5 27. Na4 Rb8 28. Qd6
Ne8 29. Qxc7 Nxc7 30. Rd7 Ne6 31. Rxe7 Nd4 32. Rxe5 Nxb3 33. Rd5 Kf8 34. e5 Ke7
35. Rd6 Nd4 36. Nxb6 Nf5 37. Nd5+ Kf8 38. Ra6 Re8 39. g4 Nd4 40. f4 g5 41. b6
gxf4 42. b7 f3 43. Bf1 Rb8 44. Ra8 Nc6 45. Kf2 Kg7 46. Kxf3 Rxb7 47. Ra6 Rb3+
48. Kf2 Nxe5 49. Rxa5 Rb2+ 50. Ke3 Rb1 51. Be2 Rh1 52. Rxc5 Rxh3+ 53. Ke4 Ng6
54. Ne3 h6 55. Nf5+ Kf6 56. Rc7 Ra3 57. Ne3 Ra5 58. Nd5+ Kg5 59. Rxf7 Ra6 60.
Rf5+ Kh4 61. Kf3 Kh3 62. Nf4+ Kh2 63. Rh5+ Kg1 64. Nxg6 Rxg6 65. c5 Rf6+ 66. Rf5
Rc6 67. Bb5 Rc8 68. c6 Rc7 69. Rd5 Rc8 70. Rd7 Rf8+ 71. Ke4 Kf2 72. c7 Kg3 73.
Rd8 1-0

[Event "European Blitz 2022"]
[Site "Katowice POL"]
[Date "2022.12.16"]
[Round "12.73"]
[White "Morgunov, Marc"]
[Black "Tymrakiewicz, Rafal"]
[Result "1-0"]
[WhiteTitle "FM"]
[BlackTitle "FM"]
[WhiteElo "2402"]
[BlackElo "2138"]
[WhiteFideId "1640305"]
[BlackFideId "1108832"]
[EventDate "2022.12.16"]

1. e4 Nf6 2. e5 Nd5 3. d4 d6 4. Nf3 g6 5. c4 Nb6 6. Be2 Bg7 7. O-O dxe5 8. Nxe5
Bxe5 9. dxe5 Qxd1 10. Rxd1 Nc6 11. f4 Be6 12. b3 Rd8 13. Rxd8+ Kxd8 14. Bb2 Kc8
15. Nc3 Rd8 16. Rd1 Nd4 17. Bf1 Nc2 18. Kf2 Rxd1 19. Nxd1 Nb4 20. a3 Nc6 21. Ne3
a5 22. g4 Kd8 23. f5 Bc8 24. Kf3 Nd7 25. Kf4 Ncxe5 26. Bxe5 g5+ 27. Ke4 Nc5+ 28.
Kd4 Nxb3+ 29. Kc3 Nc5 30. Nd5 c6 31. Nb6 f6 32. Bd4 Ne4+ 33. Kd3 Nd6 34. Bc5 Nf7
35. Nxc8 Ne5+ 36. Ke4 Kxc8 37. Bxe7 Nxg4 38. h3 Kd7 39. Bc5 Ne5 40. Bd4 Nf7 41.
Bxf6 Kd6 42. Bd4 h5 43. c5+ Kd7 44. Bc4 Ke7 45. Bxf7 Kxf7 46. Ke5 g4 47. hxg4
hxg4 48. Kf4 1-0

[Event "European Blitz 2022"]
[Site "Katowice POL"]
[Date "2022.12.16"]
[Round "12.74"]
[White "Skuhala, Barbara"]
[Black "Monroy, Charles"]
[Result "0-1"]
[WhiteTitle "WFM"]
[BlackTitle "IM"]
[WhiteElo "2103"]
[BlackElo "2395"]
[WhiteFideId "14605465"]
[BlackFideId "621641"]
[EventDate "2022.12.16"]

1. e4 e5 2. Nf3 Nc6 3. d4 exd4 4. Nxd4 Bc5 5. Nb3 Bb6 6. Nc3 Nf6 7. Bg5 a5 8. a4
h6 9. Bh4 O-O 10. Bd3 Nb4 11. O-O d6 12. Kh1 Nxd3 13. cxd3 g5 14. Bg3 d5 15. e5
d4 16. Ne4 Nxe4 17. dxe4 Be6 18. Nd2 d3 19. Qh5 Kh7 20. f4 Be3 21. Rad1 gxf4 22.
Bxf4 Bxf4 23. Rxf4 Qg5 24. Qf3 Rad8 25. g3 Qxe5 26. Nf1 Qd4 27. Rf6 Rg8 28. Rd2
Rg6 29. Rxg6 fxg6 30. Ne3 h5 31. Qf4 Rd7 32. Nd1 Rf7 33. Qh4 Rf1+ 34. Kg2 Qg1# 0-1

[Event "European Blitz 2022"]
[Site "Katowice POL"]
[Date "2022.12.16"]
[Round "12.75"]
[White "Kos, Pawel"]
[Black "Voege, Tobias"]
[Result "0-1"]
[BlackTitle "FM"]
[WhiteElo "2234"]
[BlackElo "2300"]
[WhiteFideId "1120085"]
[BlackFideId "1270513"]
[EventDate "2022.12.16"]

1. Nf3 c5 2. g3 g6 3. Bg2 Bg7 4. c3 Nf6 5. O-O O-O 6. a3 c4 7. a4 d5 8. d3 cxd3
9. exd3 Nc6 10. Re1 Re8 11. d4 Na5 12. Bf4 Bf5 13. Nbd2 Rc8 14. Ne5 Qb6 15. b4
Nc4 16. a5 Qd8 17. Ndxc4 dxc4 18. Bxb7 Rc7 19. Nc6 Qd7 20. Bxc7 Qxc7 21. a6 Nd5
22. Qd2 Bc8 23. Ra5 Bxb7 24. Nxe7+ Rxe7 25. axb7 Qxb7 26. Rea1 Re8 27. Rxa7 Qc8
28. Re1 Rd8 29. b5 Qb8 30. Ra5 Qb6 31. Rea1 Nc7 32. Qb2 h5 33. h3 h4 34. g4 Rb8
35. Qb4 Qe6 36. Qc5 Nd5 37. Ra8 Rxa8 38. Rxa8+ Kh7 39. Ra6 Qe1+ 40. Kg2 Qe4+ 41.
Kg1 Nf4 42. Qc6 Qe1+ 43. Kh2 Qxf2+ 44. Kh1 Qf1+ 45. Kh2 Qxh3+ 46. Kg1 Qf1+ 47.
Kh2 Qf2+ 48. Kh1 Qe1+ 49. Kh2 Qe2+ 50. Kh1 Qxg4 51. b6 Qh3+ 52. Kg1 Qg3+ 53. Kh1
h3 54. Ra2 Nd3 55. b7 Nf2+ 56. Rxf2 Qxf2 57. b8=Q Qf1+ 58. Kh2 Qf2+ 59. Kxh3
Qf5+ 60. Kg2 Qc2+ 61. Kh1 Qd1+ 62. Kh2 Qh5+ 63. Kg2 Qe2+ 64. Kh3 Qh5+ 65. Kg3
Qg5+ 66. Kf3 Qh5+ 67. Ke3 Bh6+ 68. Ke4 Qh1+ 69. Ke5 Qxc6 70. d5 Qd7 71. d6 Qe6+
72. Kd4 Be3# 0-1

[Event "European Blitz 2022"]
[Site "Katowice POL"]
[Date "2022.12.16"]
[Round "12.76"]
[White "Minald, Andrey"]
[Black "Maltsevskaya, Aleksandra"]
[Result "0-1"]
[BlackTitle "IM"]
[WhiteElo "2091"]
[BlackElo "2400"]
[WhiteFideId "13506854"]
[BlackFideId "24174041"]
[EventDate "2022.12.16"]

1. c4 Nf6 2. Nf3 g6 3. g3 Bg7 4. Bg2 O-O 5. O-O d6 6. Nc3 e5 7. d3 Nc6 8. h3 Ne8
9. Ne1 f5 10. f4 Nf6 11. Kh2 Nh5 12. Bf3 exf4 13. gxf4 Nf6 14. Bd2 Be6 15. Nd5
Nd4 16. Nxf6+ Qxf6 17. Bc3 Nxf3+ 18. Nxf3 Qe7 19. Qd2 Bd7 20. Rae1 Rae8 21. e3
Bc6 22. Nd4 Bd7 23. b4 Rf7 24. b5 g5 25. Nf3 g4 26. Ng5 Bxc3 27. Qxc3 Rg7 28. e4
Qf8 29. exf5 Bxf5 30. Rxe8 Qxe8 31. Re1 Re7 32. Rxe7 Qxe7 33. hxg4 Qe2+ 34. Kg3
Qxg4+ 35. Kh2 Qxf4+ 36. Kh1 Qxg5 37. Qe1 Bxd3 38. Qe8+ Kg7 39. Qd7+ Kh6 40. Qe6+
Qg6 41. Qe3+ Kg7 42. Qe7+ Qf7 43. Qg5+ Bg6 44. Qg3 Qxc4 45. Qg5 Qe4+ 46. Kg1 h6
47. Qd8 Qg4+ 48. Kh2 Qf4+ 49. Kg1 Qf7 50. a4 Be4 51. a5 Qg6+ 52. Kf2 Qf6+ 0-1

[Event "European Blitz 2022"]
[Site "Katowice POL"]
[Date "2022.12.16"]
[Round "12.77"]
[White "Plaskan, Jure"]
[Black "Greicius, Pijus"]
[Result "1-0"]
[WhiteElo "2241"]
[BlackElo "2076"]
[WhiteFideId "14605252"]
[BlackFideId "12819093"]
[EventDate "2022.12.16"]

1. e4 e5 2. Nf3 Nc6 3. Bb5 a6 4. Ba4 Nf6 5. O-O Be7 6. Re1 b5 7. Bb3 d6 8. c3
O-O 9. d4 Bg4 10. Be3 Rb8 11. h3 Bh5 12. Nbd2 b4 13. Ba4 Na5 14. Qe2 Qc8 15. Bc2
Nc6 16. d5 Nd8 17. Bd3 a5 18. cxb4 axb4 19. Rec1 Qd7 20. Nf1 c5 21. dxc6 Nxc6
22. Ng3 Bg6 23. Nh4 d5 24. Nhf5 dxe4 25. Bb5 Bxf5 26. Bxc6 Qe6 27. Rc4 Rbc8 28.
Rac1 Rfd8 29. Bg5 h6 30. Bxf6 Bxf6 31. Nxf5 Qxf5 32. Bxe4 Qe6 33. b3 Rxc4 34.
Rxc4 Qd6 35. g3 Be7 36. Bc2 Qd2 37. Qe4 g6 38. Qxe5 Bf8 39. Qe4 Qc1+ 40. Kg2 Qd2
41. Rc6 Qd5 42. Rc4 Qxe4+ 43. Bxe4 Rd2 44. Rc7 Bd6 45. Rc8+ Kg7 46. Ra8 Bc5 47.
Bc6 Rxf2+ 48. Kh1 Rc2 49. Bd5 Rf2 50. Rc8 Bd4 51. Rc4 Bc3 52. Rc7 g5 53. g4 Kg6
54. Be4+ Kf6 55. Rc5 Rxa2 56. Rf5+ Kg7 57. Bd5 Ra7 58. Kg2 Re7 59. Kf3 Bd4 60.
Kg2 Bf6 61. Bc4 Re3 62. Rb5 1-0